Statistiken für Schweizer Städte auf Französisch

Klicken Sie hier um das Quiz zu spielen!

Allgemein

  • Dieses Quiz wurde 289 mal gespielt
  • Das Durchschnittsergebnis liegt bei 9 aus 14

Antwortstatistiken

Stadt auf DeutschUnd auf Französisch% Korrekt
GenfGenéve
97%
BernBerne
91%
FreiburgFribourg
91%
BaselBâle
82%
LuzernLucerne
79%
NeuenburgNeuchâtel
79%
BielBienne
77%
SittenSion
71%
St.GallenSaint-Gall
62%
SchaffhausenSchaffhouse
52%
ZugZoug
42%
ThunThoune
39%
WinterthurWinterthour
39%
ChurCoire
24%

Verteilung der Resultate

Perzentil nach korrekt beantworteten Fragen

Anzahl Personen mit jedem Resultat

Ihre Resultats-Entwicklung

Sie haben dieses Quiz noch nicht gespielt